Influence of moisture content of rubber wood on the growth of Botryodiplodia theobromae (Record no. 47954)

MARC details
000 -LEADER
fixed length control field 00528nam a2200145Ia 4500
100 ## - MAIN ENTRY--AUTHOR NAME
Personal name Florence E J M
245 #0 - TITLE STATEMENT
Title Influence of moisture content of rubber wood on the growth of Botryodiplodia theobromae
260 ## - PUBLICATION, DISTRIBUTION, ETC. (IMPRINT)
Name of publisher International Research Group on Wood Preservation. Document No. IRG/WP/10029. 16-21 May 1993, Orlando, Florida, USA.
500 ## - GENERAL NOTE
General note from net/AGRIS CD 1995-1996
650 ## - SUBJECT ADDED ENTRY--TOPICAL TERM
Topical Term Moisture content
700 ## - ADDED ENTRY--PERSONAL NAME
Personal name Gnanaharan R
700 ## - ADDED ENTRY--PERSONAL NAME
Personal name Sharma J K
942 ## - ADDED ENTRY ELEMENTS (KOHA)
Koha item type Bibliography RLWO
Holdings
Withdrawn status Lost status Damaged status Not for loan Home library Current library Date acquired Koha item type
      Bibliography RRII Library RRII Library 31/12/2021 Bibliography RLWO